<?xml version="1.0" encoding="UTF-8"?>
<record
    xmlns:xsi="http://www.w3.org/2001/XMLSchema-instance"
    xsi:schemaLocation="http://www.loc.gov/MARC21/slim http://www.loc.gov/standards/marcxml/schema/MARC21slim.xsd"
    xmlns="http://www.loc.gov/MARC21/slim">

  <leader>02533cam a22003498a 4500</leader>
  <controlfield tag="001">17314386</controlfield>
  <controlfield tag="003">OSt</controlfield>
  <controlfield tag="005">20210414114551.0</controlfield>
  <controlfield tag="008">120521s2013    pau      b    001 0 eng  </controlfield>
  <datafield tag="010" ind1=" " ind2=" ">
    <subfield code="a">  2012020808</subfield>
  </datafield>
  <datafield tag="020" ind1=" " ind2=" ">
    <subfield code="a">9781609137083 (alk. paper)</subfield>
  </datafield>
  <datafield tag="035" ind1=" " ind2=" ">
    <subfield code="a">(DNLM)101584651</subfield>
  </datafield>
  <datafield tag="040" ind1=" " ind2=" ">
    <subfield code="a">DNLM/DLC</subfield>
    <subfield code="c">DLC</subfield>
  </datafield>
  <datafield tag="042" ind1=" " ind2=" ">
    <subfield code="a">pcc</subfield>
  </datafield>
  <datafield tag="050" ind1=" " ind2=" ">
    <subfield code="a">RC440.P737</subfield>
  </datafield>
  <datafield tag="082" ind1="0" ind2="0">
    <subfield code="a">616.89/0231</subfield>
    <subfield code="2">23</subfield>
  </datafield>
  <datafield tag="100" ind1=" " ind2=" ">
    <subfield code="a">Mohr, Wanda K.</subfield>
  </datafield>
  <datafield tag="245" ind1="0" ind2="0">
    <subfield code="a">Psychiatric-mental health nursing: evidence-based concepts, skills, and practices. /</subfield>
    <subfield code="c">Wanda K. Mohr.</subfield>
  </datafield>
  <datafield tag="250" ind1=" " ind2=" ">
    <subfield code="a">8th ed.</subfield>
  </datafield>
  <datafield tag="260" ind1=" " ind2=" ">
    <subfield code="a">Philadelphia :</subfield>
    <subfield code="b">Wolters Kluwer/Lippincott Williams &amp; Wilkins Health,</subfield>
    <subfield code="c">1997.</subfield>
  </datafield>
  <datafield tag="263" ind1=" " ind2=" ">
    <subfield code="a">1111</subfield>
  </datafield>
  <datafield tag="300" ind1=" " ind2=" ">
    <subfield code="a">xix, 923p.;</subfield>
    <subfield code="c">28cm.</subfield>
    <subfield code="b">ills.:</subfield>
  </datafield>
  <datafield tag="500" ind1=" " ind2=" ">
    <subfield code="a">Includes bibliographical references and index.</subfield>
  </datafield>
  <datafield tag="504" ind1=" " ind2=" ">
    <subfield code="a">Includes bibliographical references and index.</subfield>
  </datafield>
  <datafield tag="505" ind1=" " ind2=" ">
    <subfield code="a">Contents: Foundational concepts in psychiatric-mental health nursing: Introduction to psychiatric-mental health nursing -- Neuroscience: biology and behavior -- Conceptual frameworks and theories -- Evidence-based practice -- Legal and ethical aspects -- Client care considerations: Culture -- Spirituality in psychiatric care -- The Nurse-client relationship: Nursing values, attitudes and self-awareness -- The Nursing process in psychiatric-mental health care -- The Interview and assessment process -- Therapeutic relationships and communication -- Working with the multidisciplinary team -- Conceptual bases of treatment: Individual therapies and nursing interventions -- Groups and groups interventions -- Families and family interventions -- Psychopharmacology -- Integrated therapies -- Somatic therapies -- Settings for care: Impatient care settings -- Forensic psychiatric nursing -- Psychiatric disorders: Sleep disorders -- Anxiety disorders -- Somatoform, dissociative, and sexual disorders -- Personality disorders -- Eating disorders -- Depressive disorders -- Bipolar disorders -- Thought disorders --   Substance use disorders -- Cognitive disorders -- Psychiatric emergencies: Anger and aggression -- Violence and abuse -- Suicide and suicidal behavior -- Crisis intervention -- Special populations: Pediatric clients -- Older adult clients -- Homeless clients -- Clients with medical illnesses.</subfield>
  </datafield>
  <datafield tag="650" ind1="1" ind2="2">
    <subfield code="a">Mental Disorders</subfield>
    <subfield code="x">nursing.</subfield>
  </datafield>
  <datafield tag="650" ind1="2" ind2="2">
    <subfield code="a">Evidence-Based Nursing.</subfield>
  </datafield>
  <datafield tag="650" ind1="2" ind2="2">
    <subfield code="a">Psychiatric Nursing</subfield>
    <subfield code="x">methods.</subfield>
  </datafield>
  <datafield tag="906" ind1=" " ind2=" ">
    <subfield code="a">0</subfield>
    <subfield code="b">vip</subfield>
    <subfield code="c">orignew</subfield>
    <subfield code="d">1</subfield>
    <subfield code="e">ecip</subfield>
    <subfield code="f">20</subfield>
    <subfield code="g">y-gencatlg</subfield>
  </datafield>
  <datafield tag="942" ind1=" " ind2=" ">
    <subfield code="2">lcc</subfield>
    <subfield code="c">BK</subfield>
  </datafield>
  <datafield tag="999" ind1=" " ind2=" ">
    <subfield code="c">6450</subfield>
    <subfield code="d">13950</subfield>
  </datafield>
  <datafield tag="952" ind1=" " ind2=" ">
    <subfield code="0">0</subfield>
    <subfield code="1">0</subfield>
    <subfield code="2">lcc</subfield>
    <subfield code="4">0</subfield>
    <subfield code="7">0</subfield>
    <subfield code="a">WIUC-1</subfield>
    <subfield code="b">WIUC-1</subfield>
    <subfield code="c">NURS L.</subfield>
    <subfield code="d">2017-08-14</subfield>
    <subfield code="l">0</subfield>
    <subfield code="o">RC440.P737</subfield>
    <subfield code="p">NURS/323/17</subfield>
    <subfield code="r">2017-08-14 00:00:00</subfield>
    <subfield code="t">1</subfield>
    <subfield code="w">2017-08-14</subfield>
    <subfield code="y">BK</subfield>
  </datafield>
  <datafield tag="952" ind1=" " ind2=" ">
    <subfield code="0">0</subfield>
    <subfield code="1">0</subfield>
    <subfield code="2">lcc</subfield>
    <subfield code="4">0</subfield>
    <subfield code="7">0</subfield>
    <subfield code="a">WIUC-1</subfield>
    <subfield code="b">WIUC-1</subfield>
    <subfield code="c">NURS L.</subfield>
    <subfield code="d">2017-08-14</subfield>
    <subfield code="l">0</subfield>
    <subfield code="o">RC440.P7371</subfield>
    <subfield code="p">NURS/324/17</subfield>
    <subfield code="r">2017-08-14 00:00:00</subfield>
    <subfield code="t">2</subfield>
    <subfield code="w">2017-08-14</subfield>
    <subfield code="y">BK</subfield>
  </datafield>
  <datafield tag="952" ind1=" " ind2=" ">
    <subfield code="0">0</subfield>
    <subfield code="1">0</subfield>
    <subfield code="2">lcc</subfield>
    <subfield code="4">0</subfield>
    <subfield code="7">0</subfield>
    <subfield code="a">WIUC-KL</subfield>
    <subfield code="b">WIUC-KL</subfield>
    <subfield code="c">NURS L.</subfield>
    <subfield code="d">2019-07-03</subfield>
    <subfield code="o">RC440.P737(8e)</subfield>
    <subfield code="p">KSN/260/19</subfield>
    <subfield code="r">2020-02-11 00:00:00</subfield>
    <subfield code="w">2019-07-03</subfield>
    <subfield code="y">BK</subfield>
  </datafield>
</record>
